[Event "European Rapid 2014"]
[Site "Wroclaw POL"]
[Date "2014.12.20"]
[Round "6.50"]
[White "Bodnaruk, Anastasia"]
[Black "Wrobel, Maciej"]
[Result "1-0"]
[WhiteTitle "IM"]
[WhiteElo "2416"]
[BlackElo "1913"]
[WhiteFideId "4181751"]
[BlackFideId "1181351"]
[EventDate "2014.12.20"]

1. e4 e5 2. Nf3 Nc6 3. Bb5 f5 4. d3 fxe4 5. dxe4 Nf6 6. O-O Bd6 7. Nc3 O-O 8. h3
a6 9. Bc4+ Kh8 10. a4 Bb4 11. Nd5 Nxe4 12. Nxb4 Nxb4 13. Nxe5 d5 14. Be2 Qf6 15.
Nf3 Qg6 16. Ne5 Qf6 17. Nd3 Nxd3 18. cxd3 Ng5 19. Bg4 Bf5 20. Bd2 c5 21. Rc1 b6
22. a5 Qg6 23. Bxg5 Qxg5 24. axb6 Rab8 25. Bxf5 Qxf5 26. Qb3 Qe6 27. Rxc5 Rxb6
28. Qxd5 Qe2 29. Rc7 Rxb2 30. Qf7 Rg8 31. Rfc1 Qxd3 32. Rc8 Rd8 33. Qf8+ 1-0

[Event "European Rapid 2014"]
[Site "Wroclaw POL"]
[Date "2014.12.20"]
[Round "6.51"]
[White "Woloch, Oskar"]
[Black "Raetsky, Alexander"]
[Result "0-1"]
[BlackTitle "GM"]
[WhiteElo "1966"]
[BlackElo "2423"]
[WhiteFideId "1192116"]
[BlackFideId "4103203"]
[EventDate "2014.12.20"]

1. e4 c5 2. b3 d5 3. exd5 Qxd5 4. Bb2 Nc6 5. Nf3 Bg4 6. Be2 Nf6 7. d3 e6 8. Nbd2
Be7 9. O-O O-O 10. Nc4 Bh5 11. Nfe5 Bxe2 12. Qxe2 Nd4 13. Bxd4 cxd4 14. a4 Bb4
15. a5 Bc3 16. Ra4 Ne8 17. f4 f6 18. Nf3 Nd6 19. Nfd2 Rac8 20. Nxd6 Qxd6 21. Nc4
Qd5 22. Qe4 Rfd8 23. Qxd5 Rxd5 24. Kf2 Rc6 25. Rb1 Ra6 26. Ra3 Bb4 27. Ra4 Rb5
28. Kf3 Rc6 29. Ke4 Bc3 30. b4 Kf7 31. Na3 Rh5 32. b5 Rcc5 33. h3 g5 34. a6 b6
35. Nc4 gxf4 36. Nxb6 Rce5+ 37. Kf3 Re3+ 38. Kf2 f3 39. Nc4 Re2+ 40. Kxf3 Rxc2
41. Nd6+ Ke7 42. Ne4 Rf5+ 43. Kg3 Bd2 44. Nxd2 Rxd2 45. Rxd4 Rg5+ 46. Kf3 Rgxg2
47. Ra4 Rgf2+ 48. Ke3 Rde2+ 0-1

[Event "European Rapid 2014"]
[Site "Wroclaw POL"]
[Date "2014.12.20"]
[Round "6.52"]
[White "Molenda, Marcin"]
[Black "Dobrowolski, Piotr"]
[Result "0-1"]
[BlackTitle "IM"]
[WhiteElo "2059"]
[BlackElo "2434"]
[WhiteFideId "1173065"]
[BlackFideId "1106236"]
[EventDate "2014.12.20"]

1. e4 e6 2. d4 d5 3. Nc3 Bb4 4. Ne2 Nc6 5. a3 Ba5 6. b4 Bb6 7. e5 f6 8. exf6
Nxf6 9. Bf4 O-O 10. g3 Ng4 11. Bg2 Rxf4 12. Nxf4 Nxf2 13. Kxf2 Bxd4+ 14. Kf1
Bxc3 15. Rb1 Qf6 16. Rb3 d4 17. Bxc6 bxc6 18. Rxc3 dxc3 19. Kg2 c5 20. Rf1 Bb7+
21. Kg1 Rd8 22. Qg4 Qd4+ 23. Rf2 Qd1+ 24. Qxd1 Rxd1+ 25. Rf1 Rd2 26. Rf2 cxb4
27. axb4 Rd1+ 28. Rf1 Rxf1+ 29. Kxf1 Kf7 30. Kf2 Be4 31. Ne2 Bxc2 32. Nxc3 Bd3
33. Ke3 Bf1 34. Ne4 Ke7 35. Kd4 Kd7 36. Kc5 Bg2 37. Nc3 e5 38. Nb5 a6 39. Na3
Ke6 40. Nc4 Bb7 41. Ne3 Kf6 42. h4 h5 43. Kc4 g5 44. Kc5 gxh4 45. gxh4 Ke6 46.
Kc4 Be4 47. Kc5 Kf6 48. Kc4 Kf7 49. Nf1 Ke6 50. Ne3 Kd6 51. Nf1 Bc6 52. Ne3 Bb5+
53. Kc3 c5 54. Nf5+ Kd5 55. bxc5 Kxc5 56. Ng3 Be8 57. Ne4+ Kc6 58. Kb4 Bg6 59.
Nc3 Bd3 60. Nd1 Kd5 61. Kc3 e4 62. Kd2 Ke5 63. Ke3 Kf5 0-1

[Event "European Rapid 2014"]
[Site "Wroclaw POL"]
[Date "2014.12.20"]
[Round "6.53"]
[White "Azarov, Sergei"]
[Black "Kopica, Paulina"]
[Result "1-0"]
[WhiteTitle "GM"]
[WhiteElo "2635"]
[BlackElo "1820"]
[WhiteFideId "13501470"]
[BlackFideId "1161210"]
[EventDate "2014.12.20"]

1. e4 e6 2. d4 d5 3. Nd2 a6 4. Ngf3 c5 5. exd5 exd5 6. Be2 Nc6 7. O-O Nf6 8. Re1
Be7 9. dxc5 O-O 10. Nb3 Bf5 11. Nfd4 Nxd4 12. Nxd4 Bg6 13. c6 b5 14. c3 Bc5 15.
a4 b4 16. cxb4 Bxb4 17. Bd2 Bc5 18. Be3 Qd6 19. Rc1 Bb4 20. Rf1 Rfc8 21. g3 Ne4
22. Bg4 Rf8 23. c7 f5 24. Nxf5 Qe5 25. Bd4 Qe8 26. Nxg7 1-0

[Event "European Rapid 2014"]
[Site "Wroclaw POL"]
[Date "2014.12.20"]
[Round "6.54"]
[White "Lobanov, Sergei"]
[Black "Salgado Lopez, Ivan"]
[Result "0-1"]
[BlackTitle "GM"]
[WhiteElo "2365"]
[BlackElo "2622"]
[WhiteFideId "24183750"]
[BlackFideId "2257327"]
[EventDate "2014.12.20"]

1. e4 c5 2. Nf3 Nc6 3. d4 cxd4 4. Nxd4 Qb6 5. Nb3 Nf6 6. Nc3 e6 7. Be3 Qc7 8.
Bd3 d6 9. O-O a6 10. f4 Be7 11. Qf3 O-O 12. g4 Re8 13. g5 Nd7 14. Kh1 b5 15. Qh5
g6 16. Qh6 Bf8 17. Qh4 b4 18. Ne2 Bg7 19. Rf3 Bb7 20. Raf1 Nf8 21. Kg1 a5 22.
Nbd4 Ne7 23. Rh3 Rac8 24. f5 exf5 25. exf5 gxf5 26. Nxf5 Qc6 27. Nxe7+ Rxe7 28.
Bxh7+ Nxh7 29. Qxh7+ Kf8 30. Rhf3 Qxc2 31. Qxc2 Rxc2 32. R3f2 Rxe3 33. Rxf7+ Kg8
34. Rxb7 Rexe2 0-1

[Event "European Rapid 2014"]
[Site "Wroclaw POL"]
[Date "2014.12.20"]
[Round "6.55"]
[White "Bindrich, Falko"]
[Black "Lach, Aleksandra"]
[Result "1/2-1/2"]
[WhiteTitle "GM"]
[BlackTitle "WFM"]
[WhiteElo "2610"]
[BlackElo "2208"]
[WhiteFideId "4676670"]
[BlackFideId "1134299"]
[EventDate "2014.12.20"]

1. Nf3 f5 2. d4 Nf6 3. c4 d6 4. g3 g6 5. Bg2 Bg7 6. O-O O-O 7. b3 c6 8. Bb2 Qc7
9. Nbd2 a5 10. Qc2 Na6 11. a3 Rb8 12. Rac1 h6 13. Rfe1 g5 14. Bc3 b5 15. c5 b4
16. axb4 Nxb4 17. Bxb4 Rxb4 18. cxd6 exd6 19. Qxc6 Qxc6 20. Rxc6 g4 21. Nh4 d5
22. Ng6 Bb7 23. Rc7 Rf7 24. Rxf7 Kxf7 25. Ne5+ Ke6 26. e3 Ne4 27. Bxe4 fxe4 28.
Nxg4 h5 29. Ne5 Bxe5 30. dxe5 Kxe5 31. Rc1 Kd6 32. Kg2 Rb5 33. Ra1 Kc5 34. Ra4
Bc6 35. Kh3 Kb6 36. Rd4 Kc5 37. Ra4 Kb6 38. Ra2 Rc5 39. Kh4 Be8 40. h3 Kb5 41.
Ra4 Rc3 42. Kg5 Rd3 43. Ra2 Kb4 44. Kf6 Kc3 45. Nb1+ Kb4 46. Ke7 Bb5 47. Nd2 Bc6
48. g4 d4 49. exd4 Rxh3 50. Kd6 Bb7 51. gxh5 Rxh5 52. Kc7 Bd5 53. Ra4+ Kb5 54.
Nc4 Bxc4 55. Rxc4 Rf5 56. d5 Rxd5 57. Rxe4 Rf5 58. f4 Rc5+ 59. Kd6 Rc3 60. f5
Rxb3 61. Re5+ Kb4 62. Re4+ Kb5 63. f6 Rf3 64. Re5+ Kb4 65. Re4+ Kb3 66. Ke7 a4
67. Re6 Rxf6 68. Kxf6 a3 69. Rb6+ Ka2 70. Ke5 Ka1 71. Kd4 a2 72. Rg6 Kb2 73.
Rg2+ Kb3 74. Rg1 Kb2 75. Rg2+ Kb3 1/2-1/2

[Event "European Rapid 2014"]
[Site "Wroclaw POL"]
[Date "2014.12.20"]
[Round "6.56"]
[White "Dragicevic, Drazen"]
[Black "Mista, Aleksander"]
[Result "1-0"]
[WhiteTitle "FM"]
[BlackTitle "GM"]
[WhiteElo "2289"]
[BlackElo "2614"]
[WhiteFideId "1707922"]
[BlackFideId "1110381"]
[EventDate "2014.12.20"]

1. c4 Nf6 2. Nf3 d6 3. g3 g6 4. b4 Bg7 5. Bb2 O-O 6. Bg2 e5 7. O-O Re8 8. d3 e4
9. dxe4 Nxe4 10. Bxg7 Kxg7 11. Qc2 Qf6 12. Nbd2 Bf5 13. Nh4 Nxg3 14. Nxf5+ Nxf5
15. Bxb7 Rxe2 16. Bxa8 c6 17. Ne4 Rxc2 18. Nxf6 Kxf6 19. Rfc1 Rb2 20. c5 Rxb4
21. cxd6 Nd4 22. Rcb1 Rb6 23. Rxb6 axb6 24. Rd1 c5 25. Re1 Ne6 26. Rb1 Nd7 27.
Bc6 Nef8 28. Bxd7 Nxd7 29. Re1 c4 30. Kf1 Nc5 31. Re3 b5 32. Ke1 b4 33. Kd1 g5
34. Re7 b3 35. a3 c3 36. Re3 c2+ 37. Kd2 g4 38. a4 Kg6 39. a5 f5 40. a6 f4 41.
Re1 Nd7 42. a7 Nb6 43. Kc3 1-0

[Event "European Rapid 2014"]
[Site "Wroclaw POL"]
[Date "2014.12.20"]
[Round "6.57"]
[White "Sabuk, Piotr"]
[Black "Plat, Vojtech"]
[Result "1/2-1/2"]
[BlackTitle "IM"]
[WhiteElo "2347"]
[BlackElo "2432"]
[WhiteFideId "1137565"]
[BlackFideId "325740"]
[EventDate "2014.12.20"]

1. d4 d6 2. e4 Nf6 3. Nc3 e5 4. Nf3 Nbd7 5. Bc4 Be7 6. O-O O-O 7. a4 a5 8. Re1
c6 9. h3 exd4 10. Nxd4 Nc5 11. Bf4 Be6 12. Nxe6 fxe6 13. Bg3 d5 14. exd5 exd5
15. Bd3 Nxd3 16. Qxd3 Bc5 17. Re2 Nh5 18. Rae1 Qg5 19. Kh2 Nxg3 20. fxg3 Bf2 21.
Rb1 Rae8 22. b4 Be3 23. bxa5 d4 24. Ne4 Qd5 25. Nd2 Qxa5 26. Nc4 Qxa4 27. Rxb7
Qa6 28. Rb6 Qa7 29. Qb3 Bg1+ 30. Kxg1 Rxe2 31. Ne5+ Kh8 32. Nf7+ Kg8 33. Nh6+
Kh8 34. Nf7+ Kg8 35. Rb7 1/2-1/2

[Event "European Rapid 2014"]
[Site "Wroclaw POL"]
[Date "2014.12.20"]
[Round "6.58"]
[White "Krasenkow, Michal"]
[Black "Kwiecinski, Marian"]
[Result "1-0"]
[WhiteTitle "GM"]
[WhiteElo "2614"]
[BlackElo "2260"]
[WhiteFideId "1113100"]
[BlackFideId "1102435"]
[EventDate "2014.12.20"]

1. Nf3 Nf6 2. c4 g6 3. Nc3 Bg7 4. e4 O-O 5. d4 c5 6. d5 d6 7. h3 e5 8. Bg5 h6 9.
Be3 Qa5 10. Nd2 Nh5 11. g3 a6 12. Be2 Nf6 13. g4 Nbd7 14. h4 b5 15. g5 hxg5 16.
hxg5 Ne8 17. cxb5 f5 18. gxf6 Ndxf6 19. Nc4 Qd8 20. bxa6 Bxa6 21. Qd2 Kf7 22.
O-O-O Bxc4 23. Bxc4 Nh5 24. Rdg1 Nef6 25. Rg2 Rg8 26. Rhg1 Bf8 27. f4 exf4 28.
Bxf4 Nxf4 29. Qxf4 Qe7 30. e5 Qxe5 31. Qxe5 dxe5 32. d6+ Ke8 33. Bxg8 Bh6+ 34.
Kc2 Nxg8 35. Rxg6 Kf7 36. d7 1-0

[Event "European Rapid 2014"]
[Site "Wroclaw POL"]
[Date "2014.12.20"]
[Round "6.59"]
[White "Heberla, Bartlomiej"]
[Black "Teglas, Balazs"]
[Result "1-0"]
[WhiteTitle "GM"]
[WhiteElo "2561"]
[BlackElo "2252"]
[WhiteFideId "1115120"]
[BlackFideId "727130"]
[EventDate "2014.12.20"]

1. c4 g6 2. Nc3 Bg7 3. g3 c5 4. Bg2 Nc6 5. e4 e6 6. Nge2 Nge7 7. d3 O-O 8. Be3
Nd4 9. Qd2 d6 10. O-O Nec6 11. Rab1 Rb8 12. a3 a5 13. Nb5 Nxe2+ 14. Qxe2 a4 15.
Qd1 Ra8 16. d4 cxd4 17. Nxd4 Nxd4 18. Bxd4 Bxd4 19. Qxd4 e5 20. Qd2 Be6 21. Rfd1
Bxc4 22. Qb4 Qc7 23. Rbc1 b5 24. Rxd6 Rfd8 25. Rd5 Qb6 26. Rxc4 Qc7 27. Rc1 1-0

[Event "European Rapid 2014"]
[Site "Wroclaw POL"]
[Date "2014.12.20"]
[Round "6.60"]
[White "Stocek, Jiri"]
[Black "Dubinski, Mateusz"]
[Result "1-0"]
[WhiteTitle "GM"]
[BlackTitle "CM"]
[WhiteElo "2554"]
[BlackElo "2223"]
[WhiteFideId "304760"]
[BlackFideId "1125923"]
[EventDate "2014.12.20"]

1. e4 c5 2. Nf3 d6 3. d4 cxd4 4. Nxd4 Nf6 5. Nc3 a6 6. Bg5 Nbd7 7. Bc4 Qc7 8.
Qe2 h6 9. Bxf6 Nxf6 10. O-O-O e5 11. Nf5 Be6 12. Nd5 Nxd5 13. Bxd5 g6 14. Ne3 h5
15. Kb1 Bh6 16. Qc4 Qd7 17. Bxe6 fxe6 18. Qb4 O-O 19. Nc4 Qb5 20. Qc3 Rac8 21.
Nxd6 Rxc3 22. Nxb5 Rc5 23. Nc3 Rxf2 24. Rd8+ Kf7 25. g3 b5 26. a3 Rc4 27. Rd7+
Kf6 28. h4 Rd4 29. Ra7 Rd6 30. Na2 Rd4 31. Nb4 Rxe4 32. Nd3 Rf3 33. Rxa6 Rd4 34.
Nc5 Rf2 35. Nxe6 Rdd2 36. Nc5+ Kf5 37. Nd3 Rf3 38. Rb6 Rxg3 39. Rxb5 Bf4 40. a4
Rgg2 41. Rc5 Ke4 42. a5 Kd4 43. a6 1-0

[Event "European Rapid 2014"]
[Site "Wroclaw POL"]
[Date "2014.12.20"]
[Round "6.61"]
[White "Martinkus, Rolandas"]
[Black "Warakomski, Tomasz"]
[Result "0-1"]
[WhiteTitle "FM"]
[BlackTitle "IM"]
[WhiteElo "2140"]
[BlackElo "2456"]
[WhiteFideId "12800481"]
[BlackFideId "1124552"]
[EventDate "2014.12.20"]

1. e4 g6 2. d4 Bg7 3. Nf3 d6 4. h3 Nf6 5. Nc3 a6 6. Bd3 Nc6 7. O-O O-O 8. Re1 e5
9. d5 Ne7 10. Ne2 Nxe4 11. Bxe4 f5 12. Ng3 fxe4 13. Nxe4 h6 14. c4 b6 15. a4 a5
16. Ra3 Bd7 17. Bd2 Qe8 18. Nh2 Nf5 19. Ng4 g5 20. Bc3 Qg6 21. b4 axb4 22. Bxb4
Nd4 23. a5 bxa5 24. Rxa5 Rab8 25. Bc3 Rf4 26. Ng3 Nc2 27. Re2 Na3 28. Rb2 Rxb2
29. Bxb2 Nxc4 30. Ra8+ Rf8 31. Rxf8+ Bxf8 32. Bc3 Nb6 33. Ba5 Be7 34. Qb3 Bd8
35. Ne3 h5 36. Nc4 h4 37. Nf1 Nxc4 38. Qxc4 Qb1 39. Kh2 Qb5 40. Qxb5 Bxb5 41.
Ne3 Bd3 42. g4 Kf7 43. f3 Ke8 44. Kg2 c5 45. Bxd8 Kxd8 46. Kf2 e4 47. Nf5 Kd7
48. Ng7 c4 49. fxe4 Bxe4 50. Ne6 Bxd5 51. Nxg5 c3 52. Ke2 Ke7 53. Kd3 Kf6 54.
Nh7+ Kg7 55. Kd4 0-1

[Event "European Rapid 2014"]
[Site "Wroclaw POL"]
[Date "2014.12.20"]
[Round "6.63"]
[White "Dorner, Matthias"]
[Black "Dourerassou, Jonathan"]
[Result "0-1"]
[WhiteTitle "FM"]
[BlackTitle "IM"]
[WhiteElo "2204"]
[BlackElo "2469"]
[WhiteFideId "4602927"]
[BlackFideId "628050"]
[EventDate "2014.12.20"]

1. d4 Nf6 2. c3 d5 3. Bf4 g6 4. e3 Bg7 5. h4 c6 6. Bd3 Qb6 7. Qb3 Nbd7 8. Nf3 c5
9. Bb5 O-O 10. Bxd7 Bxd7 11. dxc5 Qa6 12. Nbd2 Rac8 13. Qb4 Bf5 14. Nb3 Nd7 15.
h5 Bc2 16. hxg6 fxg6 17. Nfd4 Be4 18. Nf3 e5 19. Bh6 Rxf3 20. Bxg7 Rf7 21. Bh6
Bxg2 22. Qh4 Bf3 23. Nc1 Nxc5 24. Rh3 Re8 25. Rxf3 Rxf3 26. Qg4 Rf7 27. Qd1 Qc4
28. Qe2 Qh4 29. Qb5 Rc8 0-1

[Event "European Rapid 2014"]
[Site "Wroclaw POL"]
[Date "2014.12.20"]
[Round "6.64"]
[White "Jaroch, Karol"]
[Black "Kantans, Toms"]
[Result "1/2-1/2"]
[BlackTitle "IM"]
[WhiteElo "2159"]
[BlackElo "2447"]
[WhiteFideId "1130609"]
[BlackFideId "11602945"]
[EventDate "2014.12.20"]

1. e4 d5 2. Nc3 dxe4 3. Nxe4 Nf6 4. Nxf6+ gxf6 5. d4 e5 6. Nf3 Nc6 7. Bb5 Qd5 8.
c4 Qe4+ 9. Qe2 Qxe2+ 10. Kxe2 Bd7 11. d5 Ne7 12. Bxd7+ Kxd7 13. Rd1 Rg8 14. g3
c6 15. dxc6+ Kxc6 16. b4 Nf5 17. a3 Rg4 18. c5 a5 19. Bd2 e4 20. Ne1 Nd4+ 21.
Kf1 axb4 22. axb4 Rxa1 23. Rxa1 Nb3 24. Ra2 Nxd2+ 25. Rxd2 e3 26. Rb2 exf2 27.
Kxf2 Rd4 28. Ke2 Bh6 29. Nd3 Kb5 30. Rc2 Re4+ 31. Kd1 Re3 32. Kd2 Rxg3+ 33. Kc3
Rg4 34. Ra2 Kc6 35. Ra4 Kd5 36. Ra7 Rc4+ 37. Kb3 Bd2 38. Rxb7 Rc3+ 39. Ka4 Rxd3
40. Rd7+ Ke4 41. c6 Bf4 42. Rxf7 Kf5 43. b5 Rc3 44. Kb4 Rc2 45. Rxh7 Ke6 46. Ka5
Bxh2 47. b6 Bd6 48. c7 f5 49. Ka6 f4 50. Rh6+ Kd5 51. Kb7 Bxc7 52. bxc7 f3 53.
Rf6 Rxc7+ 54. Kxc7 Ke4 55. Kd6 Ke3 56. Kd5 f2 57. Rxf2 Kxf2 1/2-1/2

[Event "European Rapid 2014"]
[Site "Wroclaw POL"]
[Date "2014.12.20"]
[Round "6.65"]
[White "Georgiadis, Nico"]
[Black "Jancovic, Peter"]
[Result "1-0"]
[WhiteTitle "IM"]
[WhiteElo "2465"]
[BlackElo "2171"]
[WhiteFideId "1300113"]
[BlackFideId "14913321"]
[EventDate "2014.12.20"]

1. Nf3 Nf6 2. b3 g6 3. Bb2 Bg7 4. g3 O-O 5. Bg2 c5 6. O-O Nc6 7. d4 cxd4 8. Nxd4
Nxd4 9. Bxd4 d6 10. c4 Qc7 11. Nc3 a6 12. Rc1 Be6 13. Qd2 Rfe8 14. Rfd1 Rab8 15.
Na4 Nd7 16. Be3 b6 17. Nc3 Rec8 18. Nd5 Bxd5 19. cxd5 Qd8 20. Bh3 a5 21. Rxc8
Qxc8 22. Rc1 Qd8 23. Bxd7 Qxd7 24. Rc6 Qd8 25. Qc2 h6 26. Bxb6 Qd7 27. a4 Qb7
28. Bxa5 Qxb3 29. Qxb3 Rxb3 30. Bb6 Ra3 31. a5 Bc3 32. Rc8+ Kh7 33. Ra8 Bb4 34.
Ra7 Kg8 35. Bd4 Rxa5 36. Rb7 e5 37. dxe6 Bc5 38. Rb8+ 1-0

[Event "European Rapid 2014"]
[Site "Wroclaw POL"]
[Date "2014.12.20"]
[Round "6.66"]
[White "Gdanski, Jacek"]
[Black "Frink, Ferenc"]
[Result "1-0"]
[WhiteTitle "GM"]
[BlackTitle "FM"]
[WhiteElo "2500"]
[BlackElo "2106"]
[WhiteFideId "1100106"]
[BlackFideId "704946"]
[EventDate "2014.12.20"]

1. e4 Nc6 2. d4 e5 3. dxe5 Nxe5 4. Nc3 Nf6 5. f4 Ng6 6. e5 Ng8 7. Nf3 d6 8. Bc4
Nh6 9. Qe2 Be7 10. Be3 c6 11. O-O-O d5 12. h3 Qa5 13. Nxd5 cxd5 14. Rxd5 Qc7 15.
Bb5+ Kf8 16. g4 a6 17. Ba4 b5 18. Bb3 Bb7 19. Rd3 a5 20. Rhd1 a4 21. Bd5 Rc8 22.
Bxb7 Qxb7 23. f5 Nh4 24. Nxh4 Bxh4 25. Rd7 Qc6 26. f6 Bxf6 27. exf6 Qxf6 28. g5
Qe6 29. Bc5+ Rxc5 30. Rd8+ Ke7 31. R1d7# 1-0

[Event "European Rapid 2014"]
[Site "Wroclaw POL"]
[Date "2014.12.20"]
[Round "7.1"]
[White "Tomczak, Jacek"]
[Black "Kovalenko, Igor"]
[Result "0-1"]
[WhiteTitle "GM"]
[BlackTitle "GM"]
[WhiteElo "2561"]
[BlackElo "2653"]
[WhiteFideId "1124668"]
[BlackFideId "14117908"]
[EventDate "2014.12.20"]

1. e4 c6 2. d4 d5 3. exd5 cxd5 4. c4 Nf6 5. Nc3 Nc6 6. Bg5 Ne4 7. cxd5 Nxc3 8.
bxc3 Qxd5 9. Nf3 Bg4 10. Qb3 Bxf3 11. gxf3 O-O-O 12. Rb1 Rd7 13. Qxd5 Rxd5 14.
Be3 e6 15. Bc4 Rh5 16. Ke2 Bd6 17. Rb2 Re8 18. Bd3 Re7 19. f4 Rd7 20. Rhb1 Rxh2
21. d5 Nd8 22. c4 Rc7 23. Bxa7 Re7 24. c5 exd5+ 25. Kf3 Rh3+ 26. Kg2 Rxd3 27.
cxd6 Re4 28. Bb6 Ne6 29. Be3 d4 30. Bd2 f5 31. Rxb7 Rxd2 32. d7+ Kd8 33. Ra7 Nc7
34. Rc1 Kxd7 35. Rcxc7+ Kd6 36. Rd7+ Ke6 37. Re7+ Kd5 38. Red7+ Kc4 39. Rdc7+
Kd3 40. Kf3 Rc2 41. Rxg7 Kd2 42. a4 h5 43. Rg5 Rc3+ 44. Kg2 Rxf4 45. Rxh5 Rg4+
46. Kh1 Ke2 47. Re7+ Kf1 48. Rb7 d3 49. Rb1+ Ke2 50. Rxf5 d2 51. Re5+ Kxf2 52.
Rf5+ Rf3 53. Rh5 Ke2 54. Rh2+ Rf2 0-1

[Event "European Rapid 2014"]
[Site "Wroclaw POL"]
[Date "2014.12.20"]
[Round "7.2"]
[White "Shimanov, Aleksandr"]
[Black "Duda, Jan-Krzysztof"]
[Result "1/2-1/2"]
[WhiteTitle "GM"]
[BlackTitle "GM"]
[WhiteElo "2591"]
[BlackElo "2603"]
[WhiteFideId "4198603"]
[BlackFideId "1170546"]
[EventDate "2014.12.20"]

1. Nf3 d5 2. g3 Bg4 3. Bg2 c6 4. c4 e6 5. cxd5 Bxf3 6. Bxf3 cxd5 7. O-O Nc6 8.
d4 Nf6 9. Nc3 Be7 10. e3 O-O 11. Bd2 Rc8 12. Qe2 Ne8 13. Rfd1 Nd6 14. Rac1 Qd7
15. Be1 Rc7 16. Bg2 Bf6 17. Bh3 Ne7 18. Rc2 Rfc8 19. Rdc1 g6 20. b3 Kg7 21. Na4
b6 22. Nb2 Rxc2 23. Rxc2 Rxc2 24. Qxc2 Qc6 25. Qxc6 Nxc6 26. Bf1 Kf8 27. Ba6 Ke8
28. Kf1 Kd7 29. Ke2 h5 30. h3 Kc7 31. Bd3 a5 32. g4 hxg4 33. hxg4 e5 34. dxe5
Nxe5 35. f3 Nxf3 36. Kxf3 Bxb2 37. Bg3 Kc6 38. Bxd6 Kxd6 39. Bb5 Bc1 40. Ke2 Ke5
41. Be8 Ke6 42. Kf3 g5 43. e4 d4 44. Ke2 Ke7 45. Bb5 Kd6 46. Kd3 Kc5 47. Be8 f6
48. a4 Be3 49. Bf7 b5 50. axb5 Kxb5 51. Be6 Kc5 52. Bf7 Bg1 53. Bg6 Bf2 54. Bf7
Be1 55. Bg6 Bc3 56. Bf7 Kd6 57. Bg6 Ke5 58. Bf5 Kf4 59. Be6 Ke5 60. Bf5 Kf4 61.
Be6 Ke5 1/2-1/2

[Event "European Rapid 2014"]
[Site "Wroclaw POL"]
[Date "2014.12.20"]
[Round "7.3"]
[White "Bortnyk, Olexandr"]
[Black "Wojtaszek, Radoslaw"]
[Result "1-0"]
[WhiteTitle "IM"]
[BlackTitle "GM"]
[WhiteElo "2533"]
[BlackElo "2744"]
[WhiteFideId "14120828"]
[BlackFideId "1118358"]
[EventDate "2014.12.20"]

1. e4 c5 2. c3 d5 3. exd5 Qxd5 4. d4 Nf6 5. Be3 Bg4 6. Qb3 Qxb3 7. axb3 cxd4 8.
Bxd4 Nc6 9. Bb5 a6 10. Bxc6+ bxc6 11. Nd2 Nd7 12. Ngf3 f6 13. h3 Bf5 14. O-O e5
15. Be3 Be7 16. Ra4 Nc5 17. Bxc5 Bxc5 18. Rfa1 Bc8 19. Rc4 Be7 20. Rxc6 Kd7 21.
Rc4 Bb7 22. Rd1 Ke6 23. Rc7 Rab8 24. Nc4 Rhc8 25. Nd4+ exd4 26. Re1+ Kf5 27.
Rcxe7 Rd8 28. Rxg7 1-0

[Event "European Rapid 2014"]
[Site "Wroclaw POL"]
[Date "2014.12.20"]
[Round "7.4"]
[White "Aleksandrov, Aleksej"]
[Black "Anton Guijarro, David"]
[Result "1/2-1/2"]
[WhiteTitle "GM"]
[BlackTitle "GM"]
[WhiteElo "2593"]
[BlackElo "2608"]
[WhiteFideId "13500139"]
[BlackFideId "2285525"]
[EventDate "2014.12.20"]

1. d4 f5 2. g3 Nf6 3. Bg2 g6 4. Nf3 Bg7 5. c4 O-O 6. b4 Ne4 7. Bb2 Nc6 8. a3 d6
9. Nbd2 e6 10. O-O Kh8 11. b5 Na5 12. Nxe4 fxe4 13. Nd2 d5 14. e3 a6 15. a4 Bd7
16. Bc3 axb5 17. axb5 Nxc4 18. Nxc4 dxc4 19. Bxe4 Bxb5 20. Bxb7 Rb8 21. Bg2 Qd7
22. Ra7 Rf7 23. Qa1 Bc6 24. Bxc6 Qxc6 25. Qa4 Qb6 26. Rc1 Rbf8 27. Be1 c3 28.
Ra8 c5 29. Rxf8+ Rxf8 30. Bxc3 cxd4 31. Bxd4 Bxd4 32. Qxd4+ Qxd4 33. exd4 Rd8
34. Rc4 Kg7 35. Kg2 h5 36. Kf3 Kf6 37. Ke4 Ra8 38. Rc6 Ra2 39. Ke3 Ra3+ 40. Kd2
Ra2+ 41. Rc2 Ra3 42. h4 Kf5 43. Rc5+ Kf6 44. Ke2 Ra2+ 45. Ke3 Ra1 46. Rc6 Kf5
47. Rc5+ Kf6 48. Rc8 Re1+ 49. Kd2 Ra1 50. Rf8+ Ke7 51. Rf3 Rb1 52. Kd3 Rd1+ 53.
Ke4 Re1+ 54. Re3 Rf1 55. Re2 Kf6 56. Rd2 Re1+ 57. Kf4 Ra1 58. f3 Rh1 59. Rd3 Rf1
60. Ra3 Rd1 61. Ra4 Rd2 62. g4 hxg4 63. fxg4 Rf2+ 64. Kg3 Rd2 65. Kf3 Rh2 66.
g5+ Ke7 67. Ra7+ Kf8 68. Kf4 Re2 69. Ra3 Ke7 70. Re3 Rf2+ 71. Ke5 Rf5+ 72. Ke4
Rf1 73. Re2 Rh1 74. Ke5 Rf1 75. Re3 Rf5+ 76. Ke4 Rf1 77. Ra3 Re1+ 78. Kf4 Rf1+
79. Rf3 Rg1 80. Ke3 Rh1 81. Rf4 Ra1 82. Kf3 Rf1+ 83. Kg3 Rg1+ 84. Kf2 Rh1 85.
Kg2 Rd1 86. Kf2 Rh1 87. Ke2 Kd6 88. Kf3 Ke7 89. Kf2 Rd1 90. Kg2 Rd3 91. h5 gxh5
92. g6 h4 93. Rxh4 Kf6 94. Rg4 Kg7 95. Kf2 Ra3 96. Ke2 Rb3 97. Rg5 Ra3 1/2-1/2

[Event "European Rapid 2014"]
[Site "Wroclaw POL"]
[Date "2014.12.20"]
[Round "7.6"]
[White "Dragun, Kamil"]
[Black "Ragger, Markus"]
[Result "0-1"]
[WhiteTitle "GM"]
[BlackTitle "GM"]
[WhiteElo "2547"]
[BlackElo "2651"]
[WhiteFideId "1134167"]
[BlackFideId "1610856"]
[EventDate "2014.12.20"]

1. d4 d5 2. c4 c6 3. e3 Nf6 4. Nf3 Bg4 5. cxd5 Bxf3 6. Qxf3 cxd5 7. Nc3 Nc6 8.
Bd3 e6 9. O-O Be7 10. Bd2 O-O 11. Qh3 Rc8 12. Rac1 Na5 13. b3 Nc6 14. f4 g6 15.
g4 Ba3 16. Rcd1 Bb4 17. g5 Ne8 18. Ne2 f5 19. gxf6 Qxf6 20. Ng3 Ng7 21. Rf2 Bxd2
22. Rfxd2 Ne7 23. Rg2 Nef5 24. Ne2 Rc6 25. Kh1 Qh4 26. Qf3 Qh5 27. Qf2 Qh3 28.
Ng3 Rc3 29. Rgg1 Rfc8 30. Qd2 Qh4 31. Ne2 R3c7 32. Rdf1 Qh3 33. Ng3 Rc2 34. Bxc2
Nxg3+ 35. Rxg3 Qxf1+ 36. Rg1 Qf3+ 37. Rg2 Nf5 38. Bxf5 exf5 39. Kg1 Qe4 40. h3
Qb1+ 41. Kh2 Rc1 42. Qa5 Kg7 43. Qb4 Rh1+ 44. Kg3 Kh6 45. Qd2 Qe4 46. Qf2 Rc1
47. Kh2 Rc3 48. Qh4+ Kg7 49. Qd8 Rxe3 50. Qd7+ Kh6 51. Qd6 Qxd4 52. Qf8+ Qg7 53.
Qd8 Qe7 54. Qxd5 Qh4 0-1